Datum a čas kvízu
37.5
Celkem bodů
Celkový počet nahraných bodů na tomto kvízu bez doplňovacích otázek.
1.
Pořadí na kvízu
Konečné umístění týmu na tomto kvízu.
Zaznamenané odpovědi
| # | Otázka | Odpověď | Body | Výsledky |
|---|---|---|---|---|
| 1. | Předseda Nejvyššího soudu přij... | Pavel Šámal | 1 | |
| 2. | Jistá evropská země má od minu... | o Finsku | 1 | |
| 3. | V pondělí nás ve věku 61 let o... | Marie Fredriksson, Per Gessle | 1 | |
| 4. | Společnost Walmart se omluvila... | propagace užívání drog | 1 | |
| 5. | Světová antidopingová agentura... | o vyřazení ruských sportovců ze všech velkých soutěží (na 4 roky) | 1 | |
| 6. | Plzeňské Odumřelé buňky se v l... | vchod | 1 | |
| 7. | "Šaty s ___ ___ vyšívané, ale... | vlečkou stříbrem | 0.5 | |
| 8. | Ty knedlíky připomínají vajíčk... | karety obrovské | 1 | |
| 9. | „Prase počká. Ty jsi přednější... | Pandrholo | 1 | |
| 10. | "Žvejka to je hrozný hnus, žve... | Willy Wonka | 1 |